20 größten Städte der Welt um 1950 - Statistiken

Allgemein
  • Dieses Quiz wurde 205 mal gespielt
  • Das Durchschnittsergebnis liegt bei 16 aus 20
Antwortstatistiken
Platz Einwohnerzahl Land Stadt % Korrekt
3. 8,36 Mio. Großbritannien London
100%
2. 11,28 Mio. Japan Tokio
100%
1. 12,34 Mio. USA New York
99%
5. 6,28 Mio. Frankreich Paris
99%
6. 5,36 Mio. Sowjetunion/Russland Moskau
98%
7. 5,10 Mio. Argentinien Buenos Aires
95%
13. 3,34 Mio. Deutschland/DDR Berlin
94%
20. 2,49 Mio. Ägypten Kairo
90%
11. 4,05 Mio. USA Los Angeles
90%
8. 5,00 Mio. USA Chicago
89%
10. 4,30 Mio. China Shanghai
80%
15. 3,03 Mio. Brasilien Rio de Janeiro
78%
19. 2,55 Mio. USA Boston
73%
9. 4,51 Mio. Indien Kalkutta
63%
14. 3,13 Mio. USA Philadelphia
61%
12. 3,37 Mio. Mexiko Mexiko-City
55%
17. 2,86 Mio. Indien Bombay
54%
18. 2,77 Mio. USA Detroit
54%
4. 7,01 Mio. Japan Osaka-Kobe-Kyoto
46%
16. 2,90 Mio. Sowjetunion/Russland Leningrad/St. Peterburg
45%
Keine übereinstimmenden Quizze gefunden
Verteilung der Resultate
Anzahl Personen mit jedem Resultat
Perzentil nach korrekt beantworteten Fragen
Ihre Resultats-Entwicklung
Sie haben dieses Quiz noch nicht gespielt